[Event "ROM-ch U08"]
[Site "Calimanesti Caciulata"]
[Date "2019.04.21"]
[Round "8"]
[White "Iorga, Flavius Stefan"]
[Black "Constantinescu, Tudor Ioan"]
[Result "1-0"]
[WhiteElo "1001"]
[BlackElo "1001"]
[PlyCount "73"]
[EventDate "2019.04.15"]
[EventType "swiss"]
[EventRounds "9"]
[EventCountry "ROU"]
[SourceTitle "CBM 190 Extra"]
[Source "ChessBase"]
[SourceDate "2019.07.15"]
[SourceVersion "1"]
[SourceVersionDate "2019.07.15"]
[SourceQuality "1"]

1. e4 e5 2. Nf3 Nc6 3. Bc4 Bc5 4. d3 d6 5. h3 Nf6 6. Ng5 0-0 7. Be3 Be6 8. Bxe6 Qe7 9. Bf5 g6 10. Bg4 Nxg4 11. hxg4 f6 12. Nf3 Rf7 13. Bxc5 dxc5 14. Nc3 Raf8 15. Qe2 Nd8 16. 0-0-0 c4 17. dxc4 Qb4 18. Qe3 Nc6 19. Rh6 Re7 20. Rdh1 Rff7 21. Nd5 Qa4 22. Nxe7+ Rxe7 23. Nd2 Nb4 24. b3 Qxa2 25. Qc3 c6 26. Qxb4 Qa1+ 27. Nb1 Rd7 28. Rd1 c5 29. Qxc5 Rxd1+ 30. Kxd1 Qxb1+ 31. Kd2 Kg7 32. Rh4 Qg1 33. Qc7+ Kf8 34. Rxh7 Qxf2+ 35. Kc1 Qe1+ 36. Kb2 Kg8 37. Qg7# 1-0

[Event "ROM-ch U08"]
[Site "Calimanesti Caciulata"]
[Date "2019.04.17"]
[Round "3"]
[White "Constantinescu, Tudor Ioan"]
[Black "Savin, Vlad"]
[Result "1-0"]
[WhiteElo "1001"]
[BlackElo "1001"]
[PlyCount "61"]
[EventDate "2019.04.15"]
[EventType "swiss"]
[EventRounds "9"]
[EventCountry "ROU"]
[SourceTitle "CBM 190 Extra"]
[Source "ChessBase"]
[SourceDate "2019.07.15"]
[SourceVersion "1"]
[SourceVersionDate "2019.07.15"]
[SourceQuality "1"]

1. e4 e6 2. Bc4 Bc5 3. d3 Nf6 4. Nf3 0-0 5. 0-0 Qe7 6. Be3 Bd6 7. Nbd2 c6 8. Ng5 Bc7 9. Qh5 Nxh5 10. f4 e5 11. f5 Qd6 12. Bxf7+ Rxf7 13. Nxf7 Qf6 14. Ng5 d5 15. Rf3 d4 16. Bf2 Qxg5 17. Be1 Qg4 18. c3 Nf4 19. Rg3 Ne2+ 20. Kh1 Qh4 21. Rxg7+ Kxg7 22. Bxh4 Nf4 23. Rf1 Nd7 24. Rf3 Nf6 25. Rg3+ Kf8 26. Bxf6 Ne2 27. Rh3 Kg8 28. Nf3 c5 29. Ng5 c4 30. Rxh7 cxd3 31. Rh8# 1-0

[Event "ROM-ch U08"]
[Site "Calimanesti Caciulata"]
[Date "2019.04.16"]
[Round "2"]
[White "Dinu, Robert"]
[Black "Constantinescu, Tudor Ioan"]
[Result "1-0"]
[WhiteElo "1002"]
[BlackElo "1001"]
[PlyCount "103"]
[EventDate "2019.04.15"]
[EventType "swiss"]
[EventRounds "9"]
[EventCountry "ROU"]
[SourceTitle "CBM 190 Extra"]
[Source "ChessBase"]
[SourceDate "2019.07.15"]
[SourceVersion "1"]
[SourceVersionDate "2019.07.15"]
[SourceQuality "1"]

1. e4 e5 2. Nf3 Nc6 3. Bc4 Bc5 4. 0-0 d6 5. Nc3 Nge7 6. d3 0-0 7. Bg5 h6 8. Bh4 b6 9. Nd5 Be6 10. Nxe7+ Nxe7 11. Bxe6 fxe6 12. Nd2 d5 13. c3 Qd6 14. d4 exd4 15. cxd4 Bxd4 16. Qg4 Qc5 17. Qxe6+ Rf7 18. Bxe7 Qxe7 19. Qxd5 Bxf2+ 20. Rxf2 Rd8 21. Qxf7+ Qxf7 22. Rxf7 Kxf7 23. Rf1+ Ke7 24. Nc4 c5 25. Ne5 g5 26. Nc6+ Kd7 27. Nxd8 Kxd8 28. Rf7 h5 29. e5 Ke8 30. Rxa7 b5 31. e6 b4 32. e7 c4 33. Kf2 c3 34. bxc3 bxc3 35. Ke1 g4 36. Ke2 h4 37. g3 hxg3 38. hxg3 Kf7 39. e8Q+ Kxe8 40. Kd3 Kd8 41. Kxc3 Kc8 42. Kc4 Kb8 43. Rh7 Kc8 44. Kc5 Kd8 45. Kd6 Ke8 46. Rg7 Kf8 47. Ra7 Kg8 48. Ke6 Kf8 49. Rb7 Kg8 50. Kf6 Kh8 51. Kg6 Kg8 52. Rb8# 1-0